MCQs IN PHYSIOLOGY (Record no. 10072)

MARC details
000 -LEADER
fixed length control field 00309nam a22001457a 4500
003 - CONTROL NUMBER IDENTIFIER
control field SGT
020 ## - INTERNATIONAL STANDARD BOOK NUMBER
International Standard Book Number 978-81-8191-329-6
082 ## - DEWEY DECIMAL CLASSIFICATION NUMBER
Classification number 612
Item number M11G
100 ## - MAIN ENTRY--PERSONAL NAME
Personal name GEETHA, N
245 ## - TITLE STATEMENT
Title MCQs IN PHYSIOLOGY
260 ## - PUBLICATION, DISTRIBUTION, ETC. (IMPRINT)
Place of publication, distribution, etc NEW DELHI
Name of publisher, distributor, etc PARAS MEDICAL
Year of Publication 2013
300 ## - PAGE DESCRIPTION
No. of Pages 252
650 ## - SUBJECT ADDED ENTRY--TOPICAL TERM
Topical term or geographic name as entry element PHYSILOGY
942 ## - ADDED ENTRY ELEMENTS (KOHA)
Source of classification or shelving scheme Dewey Decimal Classification
Koha item type Books
Holdings
Withdrawn status Lost status Source of classification or shelving scheme Damaged status Not for loan Collection code Home library Current library Shelving location Date acquired Vendor Name Cost, normal purchase price SGTU Total Checkouts Full call number Accession No. (Barcode) Date last seen Bill Date Koha item type
    Dewey Decimal Classification     PHARMACY SGT FA-FP Library SGT FA-FP Library Text Book 30/11/2016 CBS PUBLISHER 195.00 SGTU   612 M11G FP2004 30/11/2016 30/11/2016 Books